| 000 | 00591nam a2200193Ia 4500 | ||
|---|---|---|---|
| 003 | OSt | ||
| 005 | 20240419164752.0 | ||
| 008 | 210707s1981 xx 000 0 und d | ||
| 040 | _cAL | ||
| 041 | _aHindi | ||
| 082 | _aH891.9 MISA | ||
| 100 |
_aMISHR (Jayram) _dजयराम मिश्र _9161644 |
||
| 245 |
_aAdi Shankarachary jivan aur darshan. _bअदि शंकराचार्य जीवन और दर्शन |
||
| 260 |
_aIlahabad _bLokbharati Prakashan _c1981 |
||
| 300 | _a320 p | ||
| 563 | _aHB | ||
| 650 |
_aHindi Miscellaneous _9161645 |
||
| 942 |
_2ddc _cBK |
||
| 999 |
_c180322 _d180322 |
||